La catedral de Cordoba.

Saved in:
书目详细资料
主要作者: Grenón, Pedro, 1878-1974.
格式: 图书
语言:Spanish
出版: Buenos Aires, Imprenta de la Universidad, 1941.
主题:
标签: 添加标签
没有标签, 成为第一个标记此记录!
LEADER 00606nam a2200181K 4500
001 005672995-2
005 20020606163548.3
008 950607s1941 ag 000 0 spa d
035 0 |a ocm84068775 
040 |a HLS  |c HLS 
100 1 |a Grenón, Pedro,  |d 1878-1974. 
245 1 3 |a La catedral de Cordoba. 
260 |a Buenos Aires,  |b Imprenta de la Universidad,  |c 1941. 
300 |a 133 p.  |b illus.  |c 23 cm. 
500 |a "Separata del 'Boletin de la Comision nacional de Museos y de Monumentos y Lugares historicos', Ano 3, no. 3", p. [71]-135. 
610 1 0 |a Cordoba, Argentina.  |b Cathedral. 
988 |a 20020608 
906 |0 MH